[Event "CZE-chT2A 2223"]
[Site "Czech Republic"]
[Date "2023.03.26"]
[Round "11.1"]
[White "Eret, Matous"]
[Black "Mejzlik, Ondrej"]
[Result "1-0"]
[WhiteElo "2258"]
[BlackElo "2336"]
[PlyCount "83"]
[EventDate "2022.10.16"]
[EventType "team-tourn"]
[EventRounds "11"]
[EventCountry "CZE"]
[SourceTitle "EXT 2024"]
[Source "ChessBase"]
[SourceDate "2023.10.10"]
[SourceVersion "1"]
[SourceVersionDate "2023.10.10"]
[SourceQuality "1"]
[WhiteTeam "Klatovy"]
[BlackTeam "Vlasim"]
[WhiteTeamCountry "CZE"]
[BlackTeamCountry "CZE"]

1. a3 d5 2. e3 g6 3. c4 c6 4. cxd5 cxd5 5. Nf3 Bg7 6. d3 Nc6 7. Nbd2 Nf6 8. Rb1 0-0 9. b4 Qd6 10. Bb2 a6 11. Be2 Bg4 12. 0-0 Nd7 13. Qb3 Rfc8 14. h3 Bxf3 15. Bxf3 Bxb2 16. Rxb2 e6 17. Rc2 Ne7 18. Rfc1 Nb6 19. Rxc8+ Rxc8 20. Rxc8+ Nbxc8 21. Qc2 Qc6 22. Qb2 Nd6 23. Nb3 Nb5 24. d4 Nc8 25. Nc5 Ncd6 26. a4 Nc7 27. Be2 Nc4 28. Qc3 Ne8 29. Bxc4 dxc4 30. Qxc4 Nd6 31. Qb3 b6 32. Nd3 Ne4 33. a5 bxa5 34. bxa5 Nd2 35. Qb8+ Kg7 36. Qb2 Ne4 37. Nc5 Nf6 38. Qb6 Qd5 39. Qxa6 e5 40. Qb7 Qd6 41. a6 exd4 42. exd4 1-0

[Event "CZE-chT2A 2223"]
[Site "Czech Republic"]
[Date "2023.02.05"]
[Round "8.3"]
[White "Mejzlik, Ondrej"]
[Black "Havlik, Jan"]
[Result "1/2-1/2"]
[WhiteElo "2336"]
[BlackElo "2377"]
[PlyCount "91"]
[EventDate "2022.10.16"]
[EventType "team-tourn"]
[EventRounds "11"]
[EventCountry "CZE"]
[SourceTitle "EXT 2024"]
[Source "ChessBase"]
[SourceDate "2023.10.10"]
[SourceVersion "1"]
[SourceVersionDate "2023.10.10"]
[SourceQuality "1"]
[WhiteTeam "Vlasim"]
[BlackTeam "Pisek"]
[WhiteTeamCountry "CZE"]
[BlackTeamCountry "CZE"]

1. c4 g6 2. g3 Bg7 3. Bg2 c5 4. Nc3 Nc6 5. d3 e5 6. h4 Nge7 7. h5 h6 8. hxg6 fxg6 9. Be4 d6 10. Nd5 Bf5 11. Bxf5 Nxf5 12. Nf3 Qd7 13. Nd2 Nfe7 14. Nc3 d5 15. cxd5 Nxd5 16. Nde4 b6 17. Bd2 Nxc3 18. bxc3 0-0-0 19. Qa4 Na5 20. Qxd7+ Rxd7 21. c4 Nb7 22. f3 Nd6 23. Nxd6+ Rxd6 24. Rb1 g5 25. Bc3 Rf8 26. Kd2 Rf7 27. Rbf1 Re6 28. a4 Kb7 29. g4 a5 30. Kc2 Rd6 31. Rb1 Ka6 32. Kd2 Re6 33. Ba1 Kb7 34. Ke3 Bf8 35. Bc3 Ka6 36. Rb5 Bd6 37. Ke4 Bc7 38. Rh3 Rf4+ 39. Ke3 Rf7 40. Rb1 Bd6 41. Ke4 Rf4+ 42. Kd5 Rff6 43. Rbh1 Bc7 44. e3 Rd6+ 45. Ke4 Rde6 46. Kd5 1/2-1/2

[Event "CZE-chT2A 2223"]
[Site "Czech Republic"]
[Date "2022.12.18"]
[Round "5.2"]
[White "Mejzlik, Ondrej"]
[Black "Borkovec, Milan"]
[Result "1/2-1/2"]
[WhiteElo "2336"]
[BlackElo "2145"]
[PlyCount "99"]
[EventDate "2022.10.16"]
[EventType "team-tourn"]
[EventRounds "11"]
[EventCountry "CZE"]
[SourceTitle "EXT 2024"]
[Source "ChessBase"]
[SourceDate "2023.10.10"]
[SourceVersion "1"]
[SourceVersionDate "2023.10.10"]
[SourceQuality "1"]
[WhiteTeam "Vlasim"]
[BlackTeam "Tabor"]
[WhiteTeamCountry "CZE"]
[BlackTeamCountry "CZE"]

1. c4 Nf6 2. g3 g6 3. Bg2 Bg7 4. e4 d6 5. Ne2 0-0 6. 0-0 c5 7. f4 Nc6 8. Nbc3 a6 9. d3 Rb8 10. h3 Bd7 11. Be3 b5 12. Qd2 Qc8 13. g4 h5 14. g5 Ne8 15. f5 bxc4 16. dxc4 Ne5 17. b3 Qd8 18. Rf2 Nc7 19. Raf1 a5 20. f6 Bh8 21. Nf4 Bc6 22. Nfd5 Nxd5 23. exd5 Bd7 24. Ne4 Bf5 25. Rxf5 gxf5 26. Rxf5 Qd7 27. Rf1 Ng6 28. Qd1 a4 29. Ng3 axb3 30. axb3 exf6 31. Qxh5 Rfe8 32. Nf5 Rxe3 33. Nxe3 fxg5 34. Ng4 Bd4+ 35. Kh1 Bg7 36. Qxg5 Rxb3 37. Re1 Kf8 38. h4 Rg3 39. Nf6 Bxf6 40. Qxf6 Rg4 41. Bh3 Rf4 42. Qxf4 Qxh3+ 43. Qh2 Qxh4 44. Qxh4 Nxh4 45. Re4 Ng6 46. Kg2 f5 47. Re3 Kf7 48. Kf3 Ne5+ 49. Kf4 Kf6 50. Re2 1/2-1/2

[Event "CZE-chT2A 2223"]
[Site "Czech Republic"]
[Date "2022.10.16"]
[Round "1.1"]
[White "Mejzlik, Ondrej"]
[Black "Stluka, Petr"]
[Result "1-0"]
[WhiteElo "2336"]
[BlackElo "2167"]
[PlyCount "65"]
[EventDate "2022.10.16"]
[EventType "team-tourn"]
[EventRounds "11"]
[EventCountry "CZE"]
[SourceTitle "EXT 2024"]
[Source "ChessBase"]
[SourceDate "2023.10.10"]
[SourceVersion "1"]
[SourceVersionDate "2023.10.10"]
[SourceQuality "1"]
[WhiteTeam "Vlasim"]
[BlackTeam "Pribram"]
[WhiteTeamCountry "CZE"]
[BlackTeamCountry "CZE"]

1. c4 Nf6 2. Nc3 c6 3. e4 e5 4. d4 d6 5. Nf3 Nbd7 6. Be2 Be7 7. 0-0 0-0 8. b3 a6 9. Bb2 b5 10. Qc2 Bb7 11. dxe5 dxe5 12. Nd1 Qb8 13. Ne3 Re8 14. Rad1 Bf8 15. Nf5 g6 16. Ng3 b4 17. Qc1 Qc7 18. Qa1 Bg7 19. Bd3 h5 20. Bc2 Nh7 21. Rd2 Bh6 22. Rd3 f6 23. Nh4 Nhf8 24. Bc1 Bxc1 25. Qxc1 Nc5 26. Rf3 Re6 27. Qe3 Ncd7 28. Qh6 Kf7 29. Nxg6 Nxg6 30. Qh7+ Kf8 31. Qxg6 Ke7 32. Nf5+ Kd8 33. Qf7 1-0

[Event "CZE-chT1W 2122"]
[Site "Czech Republic"]
[Date "2022.01.23"]
[Round "7.6"]
[White "Svoboda, Svatopluk"]
[Black "Mejzlik, Ondrej"]
[Result "0-1"]
[WhiteElo "2409"]
[BlackElo "2300"]
[PlyCount "62"]
[EventDate "2021.10.10"]
[EventType "team-tourn"]
[EventRounds "11"]
[EventCountry "CZE"]
[SourceTitle "EXT 2023"]
[Source "ChessBase"]
[SourceDate "2022.10.05"]
[SourceVersion "1"]
[SourceVersionDate "2022.10.05"]
[SourceQuality "1"]
[WhiteTeam "Pankrac"]
[BlackTeam "Vlasim Spartak"]
[WhiteTeamCountry "CZE"]
[BlackTeamCountry "CZE"]

1. e4 c6 2. d4 d5 3. exd5 cxd5 4. Bd3 Nc6 5. c3 Nf6 6. h3 g6 7. Nf3 Bg7 8. Nbd2 0-0 9. 0-0 Bf5 10. Bxf5 gxf5 11. Ne1 e6 12. Nd3 Kh8 13. Kh1 Ne4 14. Qh5 Qf6 15. Nb3 b6 16. Bf4 Qg6 17. Qe2 Rg8 18. Rg1 Bh6 19. Bh2 Qg5 20. a4 a5 21. Nbc1 Qh4 22. Rf1 Rg6 23. Ne1 Rag8 24. Ncd3 f4 25. Kg1 Qf6 26. Nf3 R6g7 27. Rae1 Qf5 28. Qd1 Ne7 29. Nfe5 Ng6 30. Qg4 Nxe5 31. Qxf5 Nxd3 0-1

[Event "CZE-chT1W 2122"]
[Site "Czech Republic"]
[Date "2022.01.09"]
[Round "6.1"]
[White "Mejzlik, Ondrej"]
[Black "Borkovec, Milan"]
[Result "1/2-1/2"]
[WhiteElo "2300"]
[BlackElo "2207"]
[PlyCount "61"]
[EventDate "2021.10.10"]
[EventType "team-tourn"]
[EventRounds "11"]
[EventCountry "CZE"]
[SourceTitle "EXT 2023"]
[Source "ChessBase"]
[SourceDate "2022.10.05"]
[SourceVersion "1"]
[SourceVersionDate "2022.10.05"]
[SourceQuality "1"]
[WhiteTeam "Vlasim Spartak"]
[BlackTeam "Ceske Budejovice"]
[WhiteTeamCountry "CZE"]
[BlackTeamCountry "CZE"]

1. c4 e5 2. Nc3 Nf6 3. g3 d5 4. cxd5 Nxd5 5. Bg2 Nb6 6. Nf3 Nc6 7. 0-0 Be7 8. d3 0-0 9. a3 Re8 10. b4 Bf8 11. Bb2 a5 12. b5 Nd4 13. e3 Nxf3+ 14. Bxf3 a4 15. Rc1 Ra5 16. Qe2 f5 17. Rfd1 Kh8 18. Qf1 Bd6 19. Qg2 Qe7 20. Bxb7 Bxa3 21. Bxa3 Qxa3 22. Qc6 Qe7 23. Bxc8 Rxc8 24. d4 a3 25. d5 Qd6 26. Na2 Qxc6 27. Rxc6 Rxb5 28. d6 cxd6 29. Rdxd6 Rb8 30. Rd3 Ra8 31. Rdd6 1/2-1/2

[Event "CZE-chT1W 1920"]
[Site "Czech Republic"]
[Date "2020.06.14"]
[Round "11.3"]
[White "Havelka, Josef"]
[Black "Mejzlik, Ondrej"]
[Result "1/2-1/2"]
[WhiteElo "2380"]
[BlackElo "2297"]
[PlyCount "77"]
[EventDate "2019.10.20"]
[EventType "team-tourn"]
[EventRounds "11"]
[EventCountry "CZE"]
[SourceTitle "EXT 2021"]
[Source "ChessBase"]
[SourceDate "2020.10.23"]
[SourceVersion "1"]
[SourceVersionDate "2020.10.23"]
[SourceQuality "1"]
[WhiteTeam "Praha Oaza"]
[BlackTeam "Vlasim Spartak"]
[WhiteTeamCountry "CZE"]
[BlackTeamCountry "CZE"]

1. e4 c6 2. d4 d5 3. Nd2 dxe4 4. Nxe4 Nd7 5. Bc4 Ngf6 6. Ng5 e6 7. Qe2 Nb6 8. Bd3 Bd6 9. N1f3 h6 10. Ne4 Nxe4 11. Qxe4 Nd5 12. 0-0 Qf6 13. Ne5 Nb4 14. Bc4 Bxe5 15. dxe5 Qf5 16. Qe2 Qxc2 17. Bd2 Nd5 18. Rfc1 Qxb2 19. Rab1 Qa3 20. Bxd5 exd5 21. Bb4 Qa4 22. e6 Bxe6 23. Qe5 0-0-0 24. Be7 Rd7 25. Rb4 Qa6 26. Bh4 b6 27. Qxg7 Re8 28. Rxc6+ Kb7 29. Rc1 Qa3 30. Rbb1 d4 31. Qe5 Qd6 32. Qb5 d3 33. Bg3 Qd5 34. Rc5 Qe4 35. f3 Qd4+ 36. Bf2 Qd6 37. Bg3 Qd4+ 38. Bf2 Qd6 39. Bg3 1/2-1/2

[Event "CZE-chT1W 1920"]
[Site "Czech Republic"]
[Date "2020.01.19"]
[Round "6.5"]
[White "Cerveny, Petr"]
[Black "Mejzlik, Ondrej"]
[Result "1/2-1/2"]
[WhiteElo "2330"]
[BlackElo "2297"]
[PlyCount "61"]
[EventDate "2019.10.20"]
[EventType "team-tourn"]
[EventRounds "11"]
[EventCountry "CZE"]
[SourceTitle "CBM 194 Extra"]
[Source "ChessBase"]
[SourceDate "2020.03.31"]
[SourceVersion "1"]
[SourceVersionDate "2020.03.31"]
[SourceQuality "1"]
[WhiteTeam "Polabiny II"]
[BlackTeam "Vlasim Spartak"]
[WhiteTeamCountry "CZE"]
[BlackTeamCountry "CZE"]

1. e4 c6 2. Nc3 d5 3. Nf3 e6 4. d4 dxe4 5. Nxe4 Nd7 6. Bd3 Ngf6 7. 0-0 Nxe4 8. Bxe4 Bd6 9. c4 Nf6 10. Bc2 Qc7 11. Re1 h6 12. c5 Be7 13. Ne5 b6 14. Bf4 Qb7 15. Qf3 Bd7 16. b4 b5 17. a4 a6 18. Bd2 Rf8 19. Ra3 Nd5 20. Rea1 Bf6 21. axb5 cxb5 22. Qe2 Bc6 23. Bd3 Ke7 24. f4 Rfe8 25. g3 Kf8 26. h4 Red8 27. Kh2 Ne7 28. Bc3 Nd5 29. Bd2 Ne7 30. Bc3 Nd5 31. Bd2 1/2-1/2

[Event "CZE-chT1W 1920"]
[Site "Czech Republic"]
[Date "2019.12.08"]
[Round "4.6"]
[White "Mejzlik, Ondrej"]
[Black "Zeman, Matyas"]
[Result "1/2-1/2"]
[WhiteElo "2297"]
[BlackElo "2247"]
[PlyCount "68"]
[EventDate "2019.10.20"]
[EventType "team-tourn"]
[EventRounds "11"]
[EventCountry "CZE"]
[SourceTitle "CBM 193 Extra"]
[Source "ChessBase"]
[SourceDate "2020.01.31"]
[SourceVersion "1"]
[SourceVersionDate "2020.01.31"]
[SourceQuality "1"]
[WhiteTeam "Vlasim Spartak"]
[BlackTeam "Ceske Budejovice"]
[WhiteTeamCountry "CZE"]
[BlackTeamCountry "CZE"]

1. c4 e6 2. Nc3 d5 3. d4 Nf6 4. Nf3 c6 5. e3 Nbd7 6. Be2 Bd6 7. 0-0 0-0 8. Qc2 e5 9. cxd5 cxd5 10. dxe5 Nxe5 11. Rd1 Bg4 12. Nxe5 Bxe2 13. Nxe2 Bxe5 14. Nd4 Rc8 15. Qf5 Re8 16. Nf3 Qc7 17. Qd3 Red8 18. Rb1 Ne4 19. Bd2 Bf6 20. Be1 h6 21. h3 Qc4 22. b3 Qc5 23. a4 Qc7 24. Nd4 Qd7 25. Rbc1 Nc5 26. Qb1 Bxd4 27. Rxd4 Ne6 28. Rd3 Rxc1 29. Qxc1 d4 30. Qd1 Qe7 31. exd4 Rxd4 32. Rxd4 Nxd4 33. Qxd4 Qxe1+ 34. Kh2 Qe6 1/2-1/2

[Event "Klatovy op 27th"]
[Site "Klatovy"]
[Date "2019.07.07"]
[Round "9"]
[White "Vanduyfhuys, Daria"]
[Black "Mejzlik, Ondrej"]
[Result "0-1"]
[WhiteElo "2078"]
[BlackElo "2302"]
[PlyCount "84"]
[EventDate "2019.06.29"]
[EventType "swiss"]
[EventRounds "9"]
[EventCountry "CZE"]
[SourceTitle "EXT 2020"]
[Source "ChessBase"]
[SourceDate "2019.10.17"]
[SourceVersion "1"]
[SourceVersionDate "2019.10.17"]
[SourceQuality "1"]

1. d4 d5 2. c4 c6 3. Nc3 e6 4. Nf3 f5 5. g3 Nf6 6. Bg2 Bd6 7. 0-0 0-0 8. Qc2 Ne4 9. e3 Nd7 10. b3 Qe7 11. Bb2 Nxc3 12. Bxc3 b6 13. Rac1 Ba6 14. Nd2 Rac8 15. Rfd1 h5 16. Bf1 Bb7 17. Bg2 h4 18. Nf3 g5 19. Qd2 h3 20. Bf1 g4 21. Ne5 Nxe5 22. dxe5 Ba3 23. Bb2 Bxb2 24. Qxb2 c5 25. f3 Rcd8 26. Be2 dxc4 27. fxg4 Qg5 28. Qc3 Rd3 29. Rxd3 cxd3 30. Qxd3 Ba6 31. Rc4 Bxc4 32. bxc4 fxg4 33. Qe4 Rf5 34. Bxg4 Rxe5 35. Qf4 Qxf4 36. exf4 Re4 37. Bxh3 b5 38. cxb5 c4 39. Bf1 Rd4 40. Kf2 c3 41. Ke3 c2 42. Kxd4 c1Q 0-1

[Event "Klatovy op 27th"]
[Site "Klatovy"]
[Date "2019.06.29"]
[Round "1"]
[White "Pavlicek, Lukas"]
[Black "Mejzlik, Ondrej"]
[Result "1/2-1/2"]
[WhiteElo "1962"]
[BlackElo "2302"]
[PlyCount "116"]
[EventDate "2019.06.29"]
[EventType "swiss"]
[EventRounds "9"]
[EventCountry "CZE"]
[SourceTitle "EXT 2020"]
[Source "ChessBase"]
[SourceDate "2019.10.17"]
[SourceVersion "1"]
[SourceVersionDate "2019.10.17"]
[SourceQuality "1"]

1. c4 e5 2. Nc3 Nc6 3. g3 g6 4. Bg2 Bg7 5. e3 f5 6. Nge2 d6 7. 0-0 Nge7 8. Rb1 0-0 9. b4 e4 10. d3 exd3 11. Qxd3 Ne5 12. Qc2 c6 13. c5 d5 14. Rd1 Qc7 15. Nd4 a6 16. Na4 Bd7 17. Nb6 Rae8 18. Bb2 Nc8 19. Nxd7 Qxd7 20. Nf3 Qc7 21. Nxe5 Bxe5 22. a4 g5 23. Bxe5 Rxe5 24. Rd4 Ne7 25. b5 axb5 26. axb5 Ng6 27. bxc6 bxc6 28. Qb3 f4 29. e4 fxg3 30. hxg3 Qf7 31. Rb2 dxe4 32. Qxf7+ Rxf7 33. Bxe4 Rxc5 34. Bxg6 hxg6 35. Rd6 Kh7 36. Re2 Rc1+ 37. Kg2 c5 38. Ree6 c4 39. Rxg6 c3 40. Rh6+ Kg7 41. Rhg6+ Kf8 42. Rgf6 Rxf6 43. Rxf6+ Ke7 44. Rc6 Kd7 45. Rc4 Kd6 46. Kf3 Kd5 47. Rc8 Kd4 48. Kg4 Rf1 49. Kxg5 Rxf2 50. g4 Kd3 51. Kh6 Rh2+ 52. Kg6 Rh4 53. Kf5 c2 54. Rxc2 Kxc2 55. g5 Kd3 56. g6 Rh5+ 57. Kf6 Rh6 58. Kf7 Rxg6 1/2-1/2

[Event "CZE-chT2A 1819"]
[Site "Czech Republic"]
[Date "2019.02.10"]
[Round "8.2"]
[White "Mejzlik, Ondrej"]
[Black "Miesbauer, Jan"]
[Result "0-1"]
[WhiteElo "2299"]
[BlackElo "2376"]
[PlyCount "98"]
[EventDate "2018.10.14"]
[EventType "team-tourn"]
[EventRounds "11"]
[EventCountry "CZE"]
[SourceTitle "EXT 2022"]
[Source "ChessBase"]
[SourceDate "2021.10.06"]
[SourceVersion "1"]
[SourceVersionDate "2021.10.06"]
[SourceQuality "1"]
[WhiteTeam "Vlasim"]
[BlackTeam "Pisek"]
[WhiteTeamCountry "CZE"]
[BlackTeamCountry "CZE"]

1. c4 g6 2. Nc3 c5 3. g3 Bg7 4. Bg2 Nc6 5. d3 e5 6. Nf3 Nge7 7. 0-0 d6 8. Ne1 Be6 9. Nc2 d5 10. cxd5 Nxd5 11. Ne4 Qe7 12. Ng5 0-0 13. Nxe6 Qxe6 14. Ne3 Nde7 15. Bd2 Rad8 16. a3 b6 17. Rc1 Nd4 18. Rc4 a5 19. Re1 f5 20. Nc2 Nb3 21. Bg5 b5 22. Rh4 a4 23. Na1 Nxa1 24. Qxa1 Rd7 25. Qc1 Rc8 26. e4 Rcc7 27. Qe3 Nc6 28. exf5 gxf5 29. Bh6 Bf6 30. Rh5 Nd4 31. Qc1 c4 32. dxc4 Rxc4 33. Qb1 e4 34. Bf4 Rc2 35. Kh1 Qb3 36. g4 Rxf2 37. Be3 Rxg2 38. Kxg2 Nc2 39. Rxf5 Nxe3+ 40. Rxe3 Rd2+ 41. Kh1 Rd1+ 42. Kg2 Rxb1 43. Rxb3 axb3 44. Rxf6 Rxb2+ 45. Kg3 Rc2 46. Rf1 b2 47. Rb1 e3 48. h4 e2 49. Kf2 Rc1 0-1

[Event "Klatovy op-A 24th"]
[Site "Klatovy"]
[Date "2018.07.07"]
[Round "8"]
[White "Soural, Jan"]
[Black "Mejzlik, Ondrej"]
[Result "1/2-1/2"]
[WhiteElo "2192"]
[BlackElo "2287"]
[PlyCount "34"]
[EventDate "2018.06.30"]
[EventType "swiss"]
[EventRounds "9"]
[EventCountry "CZE"]
[SourceTitle "CBM 185 Extra"]
[Source "ChessBase"]
[SourceDate "2018.07.29"]
[SourceVersion "1"]
[SourceVersionDate "2018.07.29"]
[SourceQuality "1"]

1. d4 d5 2. c4 c6 3. Nf3 Nf6 4. e3 e6 5. b3 Nbd7 6. Bd3 Bd6 7. Bb2 0-0 8. 0-0 Re8 9. Ne5 Qc7 10. f4 Ne4 11. Nd2 f5 12. Ndf3 Ndf6 13. c5 Bf8 14. b4 Bd7 15. a4 Reb8 16. Qc2 Be8 17. a5 h6 1/2-1/2

[Event "Klatovy op-A 24th"]
[Site "Klatovy"]
[Date "2018.07.03"]
[Round "4"]
[White "Bures, Jaroslav"]
[Black "Mejzlik, Ondrej"]
[Result "1/2-1/2"]
[WhiteElo "2406"]
[BlackElo "2287"]
[PlyCount "102"]
[EventDate "2018.06.30"]
[EventType "swiss"]
[EventRounds "9"]
[EventCountry "CZE"]
[SourceTitle "CBM 185 Extra"]
[Source "ChessBase"]
[SourceDate "2018.07.29"]
[SourceVersion "1"]
[SourceVersionDate "2018.07.29"]
[SourceQuality "1"]

1. e4 c6 2. d4 d5 3. Nd2 dxe4 4. Nxe4 Nd7 5. Ng5 Ngf6 6. Bd3 e6 7. N1f3 Bd6 8. Qe2 h6 9. Ne4 Nxe4 10. Qxe4 Nf6 11. Qe2 Qc7 12. Bd2 b6 13. 0-0-0 Bb7 14. Ne5 0-0-0 15. f4 Kb8 16. Kb1 c5 17. dxc5 Bxc5 18. Rhf1 Ka8 19. a3 h5 20. h4 g6 21. g3 Rhf8 22. Bb4 Bxb4 23. axb4 Rd6 24. Rd2 Rfd8 25. Rfd1 Kb8 26. b5 Rd5 27. c4 R5d6 28. Bc2 Ne8 29. b3 Kc8 30. Qe3 Rxd2 31. Rxd2 Rd6 32. Rxd6 Nxd6 33. Qd4 Qc5 34. Qxc5+ bxc5 35. Kb2 Kc7 36. b4 cxb4 37. Kb3 a5 38. bxa6 Bxa6 39. Kxb4 f6 40. Nxg6 Bxc4 41. Bd1 Bd3 42. Nf8 Nf5 43. Nxe6+ Kd6 44. Nc5 Bb1 45. Bxh5 Nxg3 46. Bf3 Bg6 47. Nb3 Bh5 48. Nd4 Bxf3 49. Nxf3 Nh5 50. f5 Ng3 51. Ng5 Nxf5 1/2-1/2

[Event "Klatovy op-A 24th"]
[Site "Klatovy"]
[Date "2018.07.02"]
[Round "3"]
[White "Mejzlik, Ondrej"]
[Black "Neuman, Petr"]
[Result "1/2-1/2"]
[WhiteElo "2287"]
[BlackElo "2432"]
[PlyCount "58"]
[EventDate "2018.06.30"]
[EventType "swiss"]
[EventRounds "9"]
[EventCountry "CZE"]
[SourceTitle "CBM 185 Extra"]
[Source "ChessBase"]
[SourceDate "2018.07.29"]
[SourceVersion "1"]
[SourceVersionDate "2018.07.29"]
[SourceQuality "1"]

1. c4 Nf6 2. Nc3 e6 3. Nf3 d5 4. d4 c6 5. e3 Nbd7 6. a3 Bd6 7. Be2 0-0 8. 0-0 b6 9. b4 dxc4 10. Bxc4 Bb7 11. e4 e5 12. Bg5 h6 13. Bh4 b5 14. Bb3 a5 15. bxa5 Rxa5 16. Bg3 Qc7 17. dxe5 Nxe5 18. Nd4 Rd8 19. Nf5 Be7 20. Qc1 Bf8 21. Qf4 b4 22. axb4 Nh5 23. Qh4 Rxa1 24. Rxa1 Nxg3 25. hxg3 Bxb4 26. Nd1 Bc8 27. Nde3 Re8 28. Ng4 Bxf5 29. exf5 Nxg4 1/2-1/2

[Event "Klatovy op-A 24th"]
[Site "Klatovy"]
[Date "2018.07.01"]
[Round "2"]
[White "Tscharotschkin, Michael"]
[Black "Mejzlik, Ondrej"]
[Result "0-1"]
[WhiteElo "2124"]
[BlackElo "2287"]
[PlyCount "76"]
[EventDate "2018.06.30"]
[EventType "swiss"]
[EventRounds "9"]
[EventCountry "CZE"]
[SourceTitle "CBM 185 Extra"]
[Source "ChessBase"]
[SourceDate "2018.07.29"]
[SourceVersion "1"]
[SourceVersionDate "2018.07.29"]
[SourceQuality "1"]

1. e4 c6 2. d4 d5 3. exd5 cxd5 4. Bd3 Nc6 5. c3 Nf6 6. f4 g6 7. Ne2 Bg7 8. 0-0 e6 9. Nd2 0-0 10. Nf3 Ne4 11. Ne5 Qc7 12. Ng3 f6 13. Nxc6 Qxc6 14. Re1 f5 15. Nf1 b5 16. Be3 a5 17. Nd2 Ba6 18. Nf3 b4 19. cxb4 axb4 20. Ne5 Bxe5 21. dxe5 Bxd3 22. Qxd3 Qc4 23. Red1 Rfc8 24. h3 Qc2 25. Bd4 Rc4 26. Qe3 Rxa2 27. Rac1 Qd2 28. Rxd2 Rxc1+ 29. Kh2 Raa1 30. g4 Rh1+ 31. Kg2 Rag1+ 32. Qxg1 Rxg1+ 33. Kxg1 Nxd2 34. Kf2 fxg4 35. hxg4 h5 36. gxh5 gxh5 37. Ke2 Ne4 38. Kf3 Kf7 0-1

[Event "CZE-chT2C 1718"]
[Site "Czech Republic"]
[Date "2017.11.05"]
[Round "2.2"]
[White "Mejzlik, Ondrej"]
[Black "Stastny, Jan"]
[Result "0-1"]
[WhiteElo "2307"]
[BlackElo "2224"]
[PlyCount "96"]
[EventDate "2017.10.15"]
[EventType "team-tourn"]
[EventRounds "11"]
[EventCountry "CZE"]
[SourceTitle "EXT 2022"]
[Source "ChessBase"]
[SourceDate "2021.10.06"]
[SourceVersion "1"]
[SourceVersionDate "2021.10.06"]
[SourceQuality "1"]
[WhiteTeam "Vlasim"]
[BlackTeam "Ricany"]
[WhiteTeamCountry "CZE"]
[BlackTeamCountry "CZE"]

1. c4 e5 2. Nc3 Nc6 3. g3 Bc5 4. Bg2 d6 5. e3 a6 6. Nge2 Ba7 7. 0-0 h5 8. Nd5 h4 9. Nec3 Nge7 10. g4 Nxd5 11. Nxd5 Ne7 12. Nxe7 Qxe7 13. h3 c6 14. d4 f5 15. f3 0-0 16. Kh1 Qf6 17. d5 cxd5 18. cxd5 Bd7 19. e4 fxe4 20. fxe4 Qg6 21. Rf3 Bd4 22. Be3 Bxe3 23. Rxe3 Rf2 24. Re2 Rxe2 25. Qxe2 Qg5 26. a4 Rc8 27. Qf2 Rc1+ 28. Rxc1 Qxc1+ 29. Kh2 Qf4+ 30. Qxf4 exf4 31. b3 Kf7 32. Kg1 Kf6 33. Kf2 Ke5 34. g5 Be8 35. Ke2 b5 36. a5 Bh5+ 37. Bf3 Bg6 38. Kd3 Be8 39. b4 Bg6 40. Bg2 Bh5 41. Bh1 Bd1 42. Kd2 Bb3 43. Bf3 Kd4 44. Bh1 Bc4 45. Bf3 Bf1 46. Bg4 Kxe4 47. Bc8 Bc4 48. Bxa6 f3 0-1

[Event "CZE-chT2C 1617"]
[Site "Czech Republic"]
[Date "2017.04.02"]
[Round "11.1"]
[White "Mejzlik, Ondrej"]
[Black "Jirovsky, Pavel"]
[Result "0-1"]
[WhiteElo "2326"]
[BlackElo "2322"]
[PlyCount "106"]
[EventDate "2016.10.09"]
[EventType "team-tourn"]
[EventRounds "11"]
[EventCountry "CZE"]
[SourceTitle "EXT 2022"]
[Source "ChessBase"]
[SourceDate "2021.10.06"]
[SourceVersion "1"]
[SourceVersionDate "2021.10.06"]
[SourceQuality "1"]
[WhiteTeam "Vlasim"]
[BlackTeam "Kolin"]
[WhiteTeamCountry "CZE"]
[BlackTeamCountry "CZE"]

1. c4 c5 2. Nc3 Nc6 3. g3 g6 4. Bg2 Bg7 5. d3 d6 6. e4 e5 7. Nge2 Nge7 8. 0-0 0-0 9. Be3 Be6 10. Nd5 Nd4 11. Nxd4 cxd4 12. Nxe7+ Qxe7 13. Bd2 Qd7 14. a4 f5 15. Qe2 f4 16. gxf4 exf4 17. b4 Be5 18. f3 g5 19. Kf2 Rf6 20. Ke1 Kh8 21. Qf2 Rg8 22. b5 Qf7 23. Bc1 Rh6 24. Rh1 g4 25. Bb2 Qf6 26. Kd2 g3 27. hxg3 fxg3 28. Qe2 Rh2 29. Raf1 Bh3 30. Rhg1 Bf4+ 31. Kd1 h6 32. Bc1 Bxc1 33. Kxc1 Qf4+ 34. Kb1 Rg5 35. Rc1 Rh5 36. Rc2 Bxg2 37. Rxg2 Rxg2 38. Qxg2 Rh2 39. Qg1 Rxc2 40. Kxc2 Qxf3 41. Qxd4+ Kh7 42. Qxd6 Qf2+ 43. Kb3 g2 44. Qd7+ Kg6 45. Qg4+ Kf6 46. e5+ Kxe5 47. Qg7+ Kf4 48. Qxh6+ Kf3 49. Qe6 g1Q 50. Qe4+ Kg3 51. Qg6+ Kh2 52. Qh5+ Kg2 53. Qg4+ Qg3 0-1

[Event "CZE-chT2C 1617"]
[Site "Czech Republic"]
[Date "2017.02.26"]
[Round "9.2"]
[White "Miesbauer, Jan"]
[Black "Mejzlik, Ondrej"]
[Result "0-1"]
[WhiteElo "2178"]
[BlackElo "2326"]
[PlyCount "88"]
[EventDate "2016.10.09"]
[EventType "team-tourn"]
[EventRounds "11"]
[EventCountry "CZE"]
[SourceTitle "EXT 2022"]
[Source "ChessBase"]
[SourceDate "2021.10.06"]
[SourceVersion "1"]
[SourceVersionDate "2021.10.06"]
[SourceQuality "1"]
[WhiteTeam "Pisek"]
[BlackTeam "Vlasim"]
[WhiteTeamCountry "CZE"]
[BlackTeamCountry "CZE"]

1. d4 d5 2. c4 c6 3. Nf3 Nf6 4. Nc3 dxc4 5. g3 Nd5 6. Bg2 Nd7 7. 0-0 g6 8. e4 Nxc3 9. bxc3 b5 10. a4 Nb6 11. Ne5 Bb7 12. a5 f6 13. a6 fxe5 14. axb7 Rb8 15. Rxa7 Bg7 16. dxe5 Bxe5 17. Qg4 Qd7 18. Bh3 Qxg4 19. Bxg4 Kd8 20. Bd2 Kc7 21. f4 Bd6 22. Be3 Rxb7 23. Ra6 Na4 24. e5 Bc5 25. Bxc5 Nxc5 26. Ra2 Kb6 27. Kg2 Rd8 28. f5 Ne4 29. Rc2 Rd3 30. f6 exf6 31. exf6 Rf7 32. Re2 Rd2 33. Rxd2 Nxd2 34. Rf4 Kc7 35. h4 Nb3 36. Bd1 Kd6 37. Bf3 c5 38. Kf2 Nc1 39. Be2 Ke5 40. Ke3 Nxe2 41. Kxe2 Rxf6 42. Rg4 Rf5 43. Ke3 Kd5 44. Re4 Re5 0-1